[Event "Kolkata Rapid op"]
[Site "Kolkata"]
[Date "2024.05.05"]
[Round "6"]
[White "Arya, Bhakta"]
[Black "Das, Sayantan"]
[Result "1/2-1/2"]
[WhiteElo "1981"]
[BlackElo "2408"]
[PlyCount "99"]
[EventDate "2024.05.04"]
[EventType "swiss (rapid)"]
[EventRounds "11"]
[EventCountry "IND"]
[SourceTitle "CB20_2024"]
[SourceDate "2024.05.16"]
[SourceVersion "1"]
[SourceVersionDate "2024.05.16"]
[SourceQuality "1"]

1. e4 e6 2. d4 d5 3. Nc3 Nf6 4. e5 Nfd7 5. f4 c5 6. Nf3 Nc6 7. Be3 a6 8. Qd2 b5 9. a3 Qb6 10. g4 h5 11. Bh3 hxg4 12. Bxg4 g6 13. h4 b4 14. Ne2 bxa3 15. bxa3 Na5 16. Qc1 Nc4 17. Bf2 a5 18. Kf1 Ba6 19. Kg2 Rb8 20. h5 f5 21. hxg6 Rg8 22. Bh5 Be7 23. a4 Kd8 24. dxc5 Nxc5 25. Ned4 Kd7 26. Rb1 Qd8 27. Nb5 Ne4 28. Ba7 Rb7 29. Bd4 Qe8 30. Rh3 Rxg6+ 31. Bxg6 Qxg6+ 32. Kh2 Qg4 33. Be3 Rb8 34. Qg1 Rg8 35. Bc1 Bc5 36. Qxg4 fxg4 37. Rh7+ Kc8 38. Ng5 Nxg5 39. fxg5 Nxe5 40. Kg3 Rf8 41. Bf4 Bf2+ 42. Kxf2 Rxf4+ 43. Kg3 Rf3+ 44. Kg2 Bxb5 45. axb5 Ng6 46. b6 Nf4+ 47. Kg1 Ne2+ 48. Kg2 Nf4+ 49. Kg1 Ne2+ 50. Kg2 1/2-1/2

[Event "IND-chT 43rd"]
[Site "Dharamshala"]
[Date "2024.04.02"]
[Round "7.2"]
[White "Sriram, Adarsh Uppala"]
[Black "Das, Sayantan"]
[Result "1-0"]
[WhiteElo "2141"]
[BlackElo "2502"]
[PlyCount "109"]
[EventDate "2024.03.29"]
[EventType "team-swiss"]
[EventRounds "9"]
[EventCountry "IND"]
[SourceTitle "CB15_2024"]
[SourceDate "2024.04.10"]
[SourceVersion "1"]
[SourceVersionDate "2024.04.10"]
[SourceQuality "1"]
[WhiteTeam "Telangana"]
[BlackTeam "Railway Sport PB II"]
[WhiteTeamCountry "IND"]
[BlackTeamCountry "IND"]

1. Nf3 d5 2. e3 Nf6 3. c4 e6 4. Nc3 Bd6 5. b3 0-0 6. Bb2 a6 7. Qc2 Nc6 8. a3 dxc4 9. bxc4 e5 10. Ng5 h6 11. h4 g6 12. Nge4 h5 13. Nxf6+ Qxf6 14. c5 Bxc5 15. Ne4 Qf5 16. g4 hxg4 17. h5 Be7 18. Bd3 Rd8 19. Nd6 Rxd6 20. Bxf5 Bxf5 21. Qb3 Be4 22. Rh2 Rad8 23. Rd1 Bf3 24. Bc3 Bf8 25. h6 Re6 26. h7+ Kh8 27. Qxb7 Bg7 28. Qxc7 Bxd1 29. Kxd1 f5 30. Kc2 Rde8 31. Rh1 R8e7 32. Qc8+ Re8 33. Qd7 R8e7 34. Qd5 Re8 35. Rb1 a5 36. Kd1 Kxh7 37. Rb6 Nb4 38. Qxe6 Rxe6 39. Rxe6 Nd3 40. Ke2 Nc1+ 41. Kf1 Nd3 42. Bxa5 Bf8 43. a4 Nc5 44. Rxe5 Nxa4 45. d4 Kg8 46. Rb5 Be7 47. Ke2 Kf7 48. Kd3 Ke6 49. Kc4 Bh4 50. Be1 Bd8 51. Kb3 Nb6 52. Ba5 Kd6 53. Bxb6 Kc6 54. Bxd8 Kxb5 55. Bh4 1-0

[Event "Figueira da Foz op 17th"]
[Site "Figueira da Foz"]
[Date "2023.11.07"]
[Round "4"]
[White "Dhulipalla, Bala Chandra Prasad"]
[Black "Das, Sayantan"]
[Result "1/2-1/2"]
[WhiteElo "2408"]
[BlackElo "2500"]
[PlyCount "54"]
[EventDate "2023.11.05"]
[EventType "swiss"]
[EventRounds "9"]
[EventCountry "POR"]
[SourceTitle "CB46_2023"]
[SourceDate "2023.11.15"]
[SourceVersion "1"]
[SourceVersionDate "2023.11.15"]
[SourceQuality "1"]

1. d4 Nf6 2. c4 e6 3. g3 d5 4. Bg2 Be7 5. Nf3 0-0 6. Qc2 c5 7. 0-0 Nc6 8. dxc5 d4 9. Bg5 Nd7 10. Bxe7 Qxe7 11. b4 Nxb4 12. Qb2 Nc6 13. Nxd4 Nxd4 14. Qxd4 Qxc5 15. e3 e5 16. Qc3 Rb8 17. Nd2 b6 18. Ne4 Qe7 19. c5 bxc5 20. Qa3 a6 21. Rfd1 Bb7 22. Rac1 Rfd8 23. Nxc5 Nxc5 24. Rxd8+ Qxd8 25. Qxc5 Rc8 26. Qa3 Rxc1+ 27. Qxc1 Bxg2 1/2-1/2

[Event "Cap d'Agde op 21st"]
[Site "Cap d'Agde"]
[Date "2023.11.03"]
[Round "8"]
[White "Das, Sayantan"]
[Black "Bellahcene, Bilel"]
[Result "1/2-1/2"]
[WhiteElo "2486"]
[BlackElo "2520"]
[PlyCount "82"]
[EventDate "2023.10.28"]
[EventType "swiss"]
[EventRounds "9"]
[EventCountry "FRA"]
[SourceTitle "Mega2024 Update 01"]
[Source "Chessbase"]
[SourceDate "2023.11.12"]
[SourceVersion "1"]
[SourceVersionDate "2023.11.12"]
[SourceQuality "1"]

1. e4 e5 2. Nf3 Nf6 3. Nxe5 d6 4. Nf3 Nxe4 5. d4 d5 6. Bd3 Nc6 7. 0-0 Be7 8. Nbd2 Nd6 9. c3 Bf5 10. Nb3 Bxd3 11. Qxd3 0-0 12. Re1 Re8 13. Bf4 b6 14. Ne5 Nb8 15. Qf3 c6 16. Re2 Bf8 17. Rae1 Qc8 18. Nd2 Nd7 19. b3 Nxe5 20. dxe5 Nf5 21. Qh3 Qe6 22. Nf3 Ne7 23. Qxe6 fxe6 24. Nd4 Ng6 25. Bc1 Rac8 26. f4 Nh4 27. g3 c5 28. gxh4 cxd4 29. cxd4 h5 30. f5 exf5 31. Bg5 Re6 32. Kg2 Kf7 33. Kf3 g6 34. Kg3 Ba3 35. Kf3 a5 36. Rg1 Rc3+ 37. Re3 Rcc6 38. Re2 Re8 39. Rgg2 b5 40. Bf4 Bf8 41. Rc2 Ree6 1/2-1/2

[Event "IND-ch 60th"]
[Site "Pune"]
[Date "2023.08.20"]
[Round "5"]
[White "Das, Sayantan"]
[Black "Puranik, Abhimanyu Sameer"]
[Result "0-1"]
[WhiteElo "2489"]
[BlackElo "2611"]
[PlyCount "112"]
[EventDate "2023.08.16"]
[EventType "swiss"]
[EventRounds "11"]
[EventCountry "IND"]
[SourceTitle "EXT 2024"]
[Source "ChessBase"]
[SourceDate "2023.10.10"]
[SourceVersion "1"]
[SourceVersionDate "2023.10.10"]
[SourceQuality "1"]

1. e4 e5 2. Nf3 Nc6 3. Bb5 a6 4. Ba4 Nf6 5. 0-0 b5 6. Bb3 Bc5 7. c3 d6 8. d4 Bb6 9. Re1 0-0 10. Bg5 Rb8 11. h3 h6 12. Bh4 Bb7 13. a4 g5 14. Bg3 Re8 15. axb5 axb5 16. Bc2 exd4 17. cxd4 Nb4 18. Nbd2 Nxc2 19. Qxc2 Qd7 20. e5 Nh5 21. Bh2 f5 22. Ra3 Ng7 23. Rae3 Bd5 24. R3e2 Re6 25. exd6 Rxe2 26. Rxe2 cxd6 27. Qd3 Rf8 28. Re1 Ne6 29. Qa3 f4 30. Ne4 Bxe4 31. Rxe4 d5 32. Re5 Rc8 33. g3 Nxd4 34. Qd3 Nxf3+ 35. Qxf3 Qxh3 36. Re1 Rd8 37. Re2 Qf5 38. gxf4 Bd4 39. Kg2 g4 40. Qb3 h5 41. Qxb5 Bf6 42. Qb6 Kf7 43. Qc7+ Rd7 44. Qc2 Qxc2 45. Rxc2 d4 46. f3 d3 47. Rd2 Ke6 48. b3 Kf5 49. Rd1 Bc3 50. fxg4+ hxg4 51. Bg3 Ke4 52. Kf2 Bd4+ 53. Kg2 Be3 54. f5 Kxf5 55. Be1 d2 56. Bf2 Ke4 0-1

[Event "Creon op 27th"]
[Site "Creon"]
[Date "2023.08.05"]
[Round "8"]
[White "Bharath, Subramaniyam H"]
[Black "Das, Sayantan"]
[Result "1-0"]
[WhiteElo "2488"]
[BlackElo "2484"]
[PlyCount "111"]
[EventDate "2023.07.31"]
[EventType "swiss"]
[EventRounds "9"]
[EventCountry "FRA"]
[SourceTitle "CBM 215 Extra"]
[Source "ChessBase"]
[SourceDate "2023.09.30"]
[SourceVersion "1"]
[SourceVersionDate "2023.09.30"]
[SourceQuality "1"]

1. e4 c5 2. Nf3 e6 3. d4 cxd4 4. Nxd4 Nc6 5. Nc3 a6 6. Nxc6 bxc6 7. Bd3 d5 8. 0-0 Nf6 9. Qe2 Be7 10. Bd2 0-0 11. Rae1 Re8 12. b3 Bb7 13. f4 Nd7 14. Na4 c5 15. c4 d4 16. e5 g6 17. Be4 Bxe4 18. Qxe4 Qc7 19. g4 Bf8 20. Nb2 a5 21. f5 exf5 22. gxf5 Nxe5 23. Bf4 f6 24. fxg6 Rad8 25. Nd3 Qg7 26. Bxe5 fxe5 27. Kh1 hxg6 28. Rg1 Kh7 29. Rg3 Qf6 30. Rf3 Qd6 31. Rg1 Re6 32. Qh4+ Kg8 33. Rh3 Bg7 34. Nxc5 Qc6+ 35. Ne4 Rf6 36. Rxg6 Rxg6 37. Qxd8+ Bf8 38. Qd5+ Qxd5 39. cxd5 Bb4 40. Rf3 Kg7 41. a3 Bxa3 42. Rg3 Kf7 43. Rxg6 Kxg6 44. Kg2 Bc1 45. Kf3 d3 46. h4 Bh6 47. Nc5 Kf5 48. d6 d2 49. Ke2 Kf6 50. h5 Kf7 51. Nd3 Bg7 52. Nc5 Bh6 53. Nb7 Ke6 54. Nd8+ Kf6 55. d7 Ke7 56. Nf7 1-0

[Event "Creon op 27th"]
[Site "Creon"]
[Date "2023.08.03"]
[Round "6"]
[White "Das, Sayantan"]
[Black "Omelja, Artem"]
[Result "1/2-1/2"]
[WhiteElo "2484"]
[BlackElo "2457"]
[PlyCount "31"]
[EventDate "2023.07.31"]
[EventType "swiss"]
[EventRounds "9"]
[EventCountry "FRA"]
[SourceTitle "CBM 215 Extra"]
[Source "ChessBase"]
[SourceDate "2023.09.30"]
[SourceVersion "1"]
[SourceVersionDate "2023.09.30"]
[SourceQuality "1"]

1. e4 e5 2. Nf3 Nc6 3. Bb5 Nf6 4. d3 Bc5 5. Bxc6 dxc6 6. 0-0 Bd6 7. d4 Nxe4 8. dxe5 Bc5 9. Qe2 Bf5 10. Be3 Qe7 11. Bxc5 Nxc5 12. Nc3 0-0-0 13. Qe3 Kb8 14. Nd4 Bc8 15. Rfe1 Ne6 16. Nce2 1/2-1/2

[Event "Pardubice Czech op-A 34th"]
[Site "Pardubice"]
[Date "2023.07.29"]
[Round "9"]
[White "Das, Sayantan"]
[Black "Pantzar, Milton"]
[Result "1/2-1/2"]
[WhiteElo "2484"]
[BlackElo "2442"]
[PlyCount "111"]
[EventDate "2023.07.21"]
[EventType "swiss"]
[EventRounds "9"]
[EventCountry "CZE"]
[SourceTitle "CBM 215 Extra"]
[Source "ChessBase"]
[SourceDate "2023.09.30"]
[SourceVersion "1"]
[SourceVersionDate "2023.09.30"]
[SourceQuality "1"]

1. e4 c6 2. d4 d5 3. e5 Bf5 4. h4 h5 5. Bd3 Bxd3 6. Qxd3 e6 7. Nf3 Qa5+ 8. Nc3 Qa6 9. Qd1 Ne7 10. Ne2 Nf5 11. 0-0 Be7 12. Ng3 Nxh4 13. Nxh4 Bxh4 14. Nxh5 g6 15. Nf4 Nd7 16. g3 Be7 17. Kg2 0-0-0 18. Be3 Rh7 19. Rh1 Rdh8 20. Rxh7 Rxh7 21. b3 Qa5 22. Qd3 Qd8 23. Rh1 Rxh1 24. Kxh1 b5 25. c3 Kb7 26. Kg2 Nf8 27. c4 bxc4 28. bxc4 dxc4 29. Qxc4 Qa5 30. Qe2 Nd7 31. Kh2 Qd8 32. Qf3 Nb6 33. Nd3 Qe8 34. Kg2 Bf8 35. Bd2 Nd5 36. Kg1 Qd7 37. Bh6 Ba3 38. Qd1 Kc8 39. Qf3 Nc7 40. Nf4 Nb5 41. Ne2 a5 42. Qb3 Qd5 43. Qc2 Kb7 44. Be3 Bb4 45. Qb2 Qc4 46. Nf4 a4 47. Kg2 a3 48. Qe2 Qxe2 49. Nxe2 c5 50. dxc5 Kc6 51. Kf3 Bxc5 52. Ke4 Bxe3 53. Kxe3 Kd5 54. Kd3 Kxe5 55. Kc4 Nd6+ 56. Kb4 1/2-1/2

[Event "Asian Continental blitz op 20th"]
[Site "Almaty"]
[Date "2023.06.03"]
[Round "3"]
[White "Daneshvar, Bardiya"]
[Black "Das, Sayantan"]
[Result "1-0"]
[WhiteElo "2540"]
[BlackElo "2516"]
[PlyCount "73"]
[EventDate "2023.06.03"]
[EventType "swiss (blitz)"]
[EventRounds "9"]
[EventCountry "KAZ"]
[SourceTitle "CBM 214 Extra"]
[Source "ChessBase"]
[SourceDate "2023.07.31"]
[SourceVersion "1"]
[SourceVersionDate "2023.07.31"]
[SourceQuality "1"]

1. Nf3 Nf6 2. c4 g6 3. Nc3 Bg7 4. e4 d6 5. d4 0-0 6. Be2 Bg4 7. Be3 Nc6 8. d5 Bxf3 9. gxf3 Ne5 10. f4 Ned7 11. h4 c6 12. h5 Qa5 13. Kf1 Nc5 14. e5 Nfe4 15. Nxe4 Nxe4 16. Bf3 cxd5 17. cxd5 f5 18. exf6 Nxf6 19. hxg6 hxg6 20. Qc2 Qb5+ 21. Be2 Qe8 22. Qd3 Qf7 23. Rd1 Rac8 24. Rg1 Kh7 25. Rg3 Rh8 26. Kg2 Kg8 27. Rxg6 Kf8 28. Qf5 Rc7 29. Bf3 Nd7 30. Qb1 Nc5 31. Rg3 Bf6 32. Rh1 Rxh1 33. Kxh1 Ke8 34. Qf5 Kd8 35. Kg2 Nd7 36. Bh5 Qf8 37. Qh7 1-0